[Event "COL-ch Amateurs U1700 (Women)"]
[Site "Honda"]
[Date "2025.05.24"]
[Round "6"]
[White "Cupaban Alonso, Luciana"]
[Black "Chapeton Silva, Isabella"]
[Result "1-0"]
[WhiteElo "1680"]
[BlackElo "1619"]
[PlyCount "31"]
[EventDate "2025.05.22"]
[EventType "swiss"]
[EventRounds "7"]
[EventCountry "COL"]
[SourceTitle "CB22_2025"]
[SourceDate "2025.05.28"]
[SourceVersion "1"]
[SourceVersionDate "2025.05.28"]
[SourceQuality "1"]

1. d4 d6 2. e3 g6 3. Nf3 Bg7 4. Bd3 Nf6 5. Nbd2 0-0 6. b3 Nc6 7. Bb2 Re8 8. 0-0 e5 9. dxe5 Nxe5 10. Nxe5 dxe5 11. e4 Nh5 12. Nf3 Nf4 13. Bc4 Bg4 14. Qxd8 Rc8 15. Qxe8+ Rxe8 16. Ng5 1-0

[Event "COL-ch Amateurs U1700 (Women)"]
[Site "Honda"]
[Date "2025.05.23"]
[Round "5"]
[White "Cupaban Alonso, Luciana"]
[Black "Morales Adames, Laura Catalina"]
[Result "1-0"]
[WhiteElo "1680"]
[BlackElo "1658"]
[PlyCount "107"]
[EventDate "2025.05.22"]
[EventType "swiss"]
[EventRounds "7"]
[EventCountry "COL"]
[SourceTitle "CB22_2025"]
[SourceDate "2025.05.28"]
[SourceVersion "1"]
[SourceVersionDate "2025.05.28"]
[SourceQuality "1"]

1. d4 c6 2. e3 d5 3. Nf3 Nf6 4. Bd3 Bg4 5. Nbd2 Nbd7 6. b3 e6 7. Bb2 Bd6 8. h3 Bh5 9. Be2 Qc7 10. c4 c5 11. 0-0 0-0 12. Rc1 Qb6 13. cxd5 exd5 14. dxc5 Bxc5 15. Nd4 Bxe2 16. Qxe2 Rfe8 17. N2f3 Ne5 18. Nxe5 Rxe5 19. Qb5 Bxd4 20. Qxb6 axb6 21. Bxd4 Re6 22. Rc2 Rc6 23. Rfc1 Rac8 24. Rxc6 Rxc6 25. Rxc6 bxc6 26. Bxb6 Nd7 27. Bc7 Kf8 28. a4 Ke8 29. a5 Nc5 30. b4 Na6 31. Bd6 Kd7 32. Bf8 g6 33. Kf1 Kc7 34. Ke2 Kd7 35. Kd3 Nc7 36. e4 Nb5 37. exd5 cxd5 38. Bc5 Kc7 39. Ke3 Kb7 40. Kf4 Nc7 41. Ke5 Ne6 42. Kxd5 Nf4+ 43. Ke5 Nxg2 44. Kf6 Nf4 45. Kxf7 Nxh3 46. Kg7 g5 47. Kxh7 Ka6 48. Kg6 Nf4+ 49. Kxg5 Nd3 50. f4 Nxc5 51. bxc5 Kxa5 52. f5 Kb5 53. f6 Kxc5 54. f7 1-0

[Event "COL-ch U18 Girls"]
[Site "Bucaramanga"]
[Date "2025.04.05"]
[Round "5"]
[White "Cupaban Alonso, Luciana"]
[Black "Morales Perez, Ghisell Gabriela"]
[Result "0-1"]
[WhiteElo "1619"]
[BlackElo "1999"]
[PlyCount "56"]
[EventDate "2025.04.03"]
[EventType "swiss"]
[EventRounds "7"]
[EventCountry "COL"]
[SourceTitle "CB15_2025"]
[SourceDate "2025.04.09"]
[SourceVersion "1"]
[SourceVersionDate "2025.04.09"]
[SourceQuality "1"]

1. d4 Nf6 2. e3 c5 3. c3 g6 4. Bd3 Bg7 5. f4 0-0 6. Nf3 b6 7. 0-0 Bb7 8. Nbd2 d5 9. Ne5 Nc6 10. Ndf3 Qc7 11. Qe1 Ne4 12. g4 f6 13. Nxc6 Bxc6 14. Nd2 e5 15. Nxe4 dxe4 16. Bc4+ Kh8 17. dxc5 bxc5 18. Bd2 f5 19. g5 Rae8 20. Qf2 exf4 21. exf4 e3 22. Bxe3 Qe7 23. Bxc5 Qe4 24. Qf3 Qxf3 25. Rxf3 Bxf3 26. Bxf8 Bxf8 27. Kf2 Bg4 28. Re1 Bc5+ 0-1

[Event "COL-ch U18 Girls"]
[Site "Bucaramanga"]
[Date "2025.04.05"]
[Round "4"]
[White "Lopez Mahecha, Natalia"]
[Black "Cupaban Alonso, Luciana"]
[Result "0-1"]
[WhiteElo "1560"]
[BlackElo "1619"]
[PlyCount "106"]
[EventDate "2025.04.03"]
[EventType "swiss"]
[EventRounds "7"]
[EventCountry "COL"]
[SourceTitle "CB15_2025"]
[SourceDate "2025.04.09"]
[SourceVersion "1"]
[SourceVersionDate "2025.04.09"]
[SourceQuality "1"]

1. e4 e5 2. Nf3 Nc6 3. Bc4 Bc5 4. c3 Nf6 5. d4 exd4 6. e5 d5 7. cxd4 dxc4 8. dxc5 Qxd1+ 9. Kxd1 Nd7 10. Na3 Nxc5 11. Be3 Na6 12. Nxc4 Be6 13. Ncd2 Nab4 14. a3 Nd3 15. Kc2 Ndxe5 16. Nxe5 Nxe5 17. Bd4 Bf5+ 18. Kc3 f6 19. Bxe5 fxe5 20. Rhe1 0-0 21. Rxe5 Rad8 22. Nc4 Bg6 23. f3 Rd3+ 24. Kb4 Rfd8 25. Re7 R8d7 26. Rae1 Bf7 27. R1e3 Kf8 28. Rxd3 Kxe7 29. Rxd7+ Kxd7 30. Ne5+ Ke7 31. Nxf7 Kxf7 32. Kc5 Ke6 33. b4 a6 34. a4 Ke5 35. g3 g5 36. h3 h6 37. a5 h5 38. Kc4 h4 39. gxh4 gxh4 40. Kc5 Kf4 41. Kd5 Kxf3 42. Ke6 Kg3 43. Kd7 Kxh3 44. Kxc7 Kg3 45. Kxb7 h3 46. Kxa6 h2 47. b5 h1Q 48. b6 Qa8+ 49. Kb5 Kf4 50. a6 Qd5+ 51. Kb4 Qc6 52. b7 Qb6+ 53. Kc3 Ke5 0-1

[Event "COL-ch U18 Girls"]
[Site "Bucaramanga"]
[Date "2025.04.04"]
[Round "2"]
[White "Cupaban Alonso, Luciana"]
[Black "Brito Carrascal, Isabela"]
[Result "0-1"]
[WhiteElo "1619"]
[BlackElo "2024"]
[PlyCount "73"]
[EventDate "2025.04.03"]
[EventType "swiss"]
[EventRounds "7"]
[EventCountry "COL"]
[SourceTitle "CB15_2025"]
[SourceDate "2025.04.09"]
[SourceVersion "1"]
[SourceVersionDate "2025.04.09"]
[SourceQuality "1"]

1. d4 Nf6 2. e3 b6 3. f4 Bb7 4. Nf3 e6 5. Bd3 Be7 6. Nbd2 c5 7. c3 Qc7 8. Qc2 Ng4 9. Ne4 f5 10. Ng3 Nf6 11. b3 Na6 12. Bb2 cxd4 13. Nxd4 Nc5 14. 0-0 Nxd3 15. Qxd3 0-0 16. Rac1 Ne4 17. Nxe4 Bxe4 18. Qe2 Rf6 19. Nf3 Rg6 20. Rf2 Qb7 21. Ne5 Rh6 22. Rd1 d6 23. Nc4 Rd8 24. Nd2 Bc6 25. Nf3 Rg6 26. b4 a6 27. c4 Qa8 28. Rd2 Be4 29. g3 h5 30. Kf1 Rc8 31. Nd4 h4 32. a3 d5 33. cxd5 Bxd5 34. Ke1 hxg3 35. hxg3 Rxg3 36. Rf1 Bc4 37. Qh2 0-1

[Event "COL-ch U18 Girls"]
[Site "Bucaramanga"]
[Date "2025.04.03"]
[Round "1"]
[White "Mendoza Gomez, Juana Fernanda"]
[Black "Cupaban Alonso, Luciana"]
[Result "0-1"]
[WhiteElo "1816"]
[BlackElo "1619"]
[PlyCount "72"]
[EventDate "2025.04.03"]
[EventType "swiss"]
[EventRounds "7"]
[EventCountry "COL"]
[SourceTitle "CB15_2025"]
[SourceDate "2025.04.09"]
[SourceVersion "1"]
[SourceVersionDate "2025.04.09"]
[SourceQuality "1"]

1. d4 Nc6 2. d5 Ne5 3. e4 d6 4. Be2 Nf6 5. Nc3 e6 6. f4 Ng6 7. dxe6 fxe6 8. Nf3 Be7 9. 0-0 0-0 10. Bc4 Kh8 11. Ng5 d5 12. exd5 exd5 13. Nxd5 Nxd5 14. Qxd5 Bxg5 15. fxg5 Rxf1+ 16. Kxf1 Qf8+ 17. Kg1 c6 18. Qd4 Bf5 19. Be3 Qe7 20. Bb3 Re8 21. Bd2 Rd8 22. Qe3 Qd7 23. Bc3 b6 24. Rf1 Re8 25. Qf2 Be6 26. Bxe6 Qxe6 27. Qd4 Rg8 28. Re1 Qf7 29. h4 c5 30. Qg4 Rf8 31. h5 Nf4 32. h6 Kg8 33. Bxg7 Nh3+ 34. Kh2 Nf2 35. Qg3 Qh5+ 36. Qh3 Nxh3 0-1

[Event "Bucaramanga Santander-ch"]
[Site "Bucaramanga"]
[Date "2024.11.02"]
[Round "8"]
[White "Cupaban Alonso, Luciana"]
[Black "Jaimes Florez, Lucy Janeth"]
[Result "1-0"]
[WhiteElo "1535"]
[BlackElo "1615"]
[PlyCount "28"]
[EventDate "2024.10.29"]
[EventType "swiss"]
[EventRounds "9"]
[EventCountry "COL"]
[SourceTitle "CB45_2024"]
[Source "ChessBase"]
[SourceDate "2024.11.06"]
[SourceVersion "1"]
[SourceVersionDate "2024.11.06"]
[SourceQuality "1"]

1. e4 e5 2. Nc3 Nf6 3. f4 d6 4. Nf3 Bg4 5. h3 Bxf3 6. Qxf3 Nc6 7. Bb5 Qd7 8. d3 a6 9. Ba4 b5 10. Bb3 Nd4 11. Qf2 Nxb3 12. axb3 Be7 13. 0-0 c6 14. Kh1 0-0 1-0

[Event "Bucaramanga Santander-ch"]
[Site "Bucaramanga"]
[Date "2024.11.01"]
[Round "7"]
[White "Santos Caballero, Edna Liliana"]
[Black "Cupaban Alonso, Luciana"]
[Result "1/2-1/2"]
[WhiteElo "1738"]
[BlackElo "1535"]
[PlyCount "72"]
[EventDate "2024.10.29"]
[EventType "swiss"]
[EventRounds "9"]
[EventCountry "COL"]
[SourceTitle "CB45_2024"]
[Source "ChessBase"]
[SourceDate "2024.11.06"]
[SourceVersion "1"]
[SourceVersionDate "2024.11.06"]
[SourceQuality "1"]

1. d4 Nc6 2. c4 e5 3. e3 Nf6 4. Nc3 Bb4 5. a3 Bxc3+ 6. bxc3 0-0 7. Bd3 d6 8. h3 Bd7 9. Ne2 Re8 10. Ng3 Ne7 11. 0-0 Ng6 12. c5 dxc5 13. Bb2 cxd4 14. cxd4 exd4 15. Bxd4 Bc6 16. Qb3 Bd5 17. Qc3 Re6 18. Rfc1 Rc6 19. Qb2 Rxc1+ 20. Rxc1 Ne8 21. Nh5 f6 22. Bxg6 hxg6 23. Nf4 f5 24. Nxg6 b6 25. Nf4 Bf7 26. Qc2 c5 27. Bc3 Qg5 28. Rd1 Nf6 29. Bxf6 Qxf6 30. Qd3 c4 31. Qc2 b5 32. Rd4 a5 33. Qd2 Kh7 34. g3 Kg8 35. Ne2 Qe7 36. Rd6 Rb8 1/2-1/2

[Event "Bucaramanga Santander-ch"]
[Site "Bucaramanga"]
[Date "2024.10.31"]
[Round "4"]
[White "Gomez Araque, Laura Sofia"]
[Black "Cupaban Alonso, Luciana"]
[Result "1/2-1/2"]
[WhiteElo "1684"]
[BlackElo "1535"]
[PlyCount "78"]
[EventDate "2024.10.29"]
[EventType "swiss"]
[EventRounds "9"]
[EventCountry "COL"]
[SourceTitle "CB45_2024"]
[Source "ChessBase"]
[SourceDate "2024.11.06"]
[SourceVersion "1"]
[SourceVersionDate "2024.11.06"]
[SourceQuality "1"]

1. e4 e5 2. Nf3 Nc6 3. Bb5 f5 4. exf5 e4 5. Qe2 Qe7 6. Bxc6 bxc6 7. Nd4 Nf6 8. Nc3 a6 9. f3 c5 10. Nb3 exf3 11. gxf3 d5 12. 0-0 Qxe2 13. Nxe2 Bxf5 14. Re1 Kd7 15. d3 h6 16. Ng3 Be6 17. Be3 d4 18. Bf4 Bd6 19. Bxd6 cxd6 20. Ne4 Nxe4 21. fxe4 Rhf8 22. Rf1 Bh3 23. Rf2 Rxf2 24. Kxf2 Rf8+ 25. Kg3 Be6 26. Kg2 g5 27. Nd2 Kc6 28. a3 d5 29. exd5+ Bxd5+ 30. Kg3 Rf6 31. Re1 Re6 32. Rxe6+ Bxe6 33. Ne4 Bf5 34. Kf3 Kd5 35. Nf6+ Ke6 36. Ne4 Kd5 37. Nf6+ Ke6 38. Ne4 Kd5 39. Nf6+ Ke6 1/2-1/2

[Event "COL-ch Blitz (Women)"]
[Site "Bucaramanga"]
[Date "2024.10.27"]
[Round "5"]
[White "Centanaro Erazo, Nicolle Daniela"]
[Black "Cupaban Alonso, Luciana"]
[Result "1/2-1/2"]
[WhiteElo "1597"]
[BlackElo "1506"]
[PlyCount "163"]
[EventDate "2024.10.27"]
[EventType "swiss (blitz)"]
[EventRounds "11"]
[EventCountry "COL"]
[SourceTitle "CB44_2024"]
[Source "Chessbase"]
[SourceDate "2024.10.30"]
[SourceVersion "1"]
[SourceVersionDate "2024.10.30"]
[SourceQuality "1"]

1. c4 Nf6 2. d4 d6 3. Nf3 g6 4. g3 Bg7 5. Bg2 Nbd7 6. 0-0 e5 7. dxe5 dxe5 8. Nc3 0-0 9. e4 Qe7 10. Qc2 Nc5 11. Re1 Bd7 12. Bg5 h6 13. Be3 Bc6 14. Bxc5 Qxc5 15. b3 Rad8 16. Rac1 Rd7 17. Nd5 Rfd8 18. Nxe5 Rd6 19. Nxc6 bxc6 20. Ne3 Rd2 21. Qb1 Nh5 22. Rcd1 Qa5 23. Rxd2 Rxd2 24. Rd1 Qxa2 25. Qxa2 Rxa2 26. Rd8+ Kh7 27. Rd7 Ra1+ 28. Nf1 Rb1 29. Rxf7 Rxb3 30. Rxc7 Nf6 31. Rxa7 Rb4 32. Ne3 Rb1+ 33. Nf1 Rc1 34. e5 Ng4 35. Bxc6 Nxe5 36. Bd5 Nxc4 37. Bxc4 Rxc4 38. Kg2 Kg8 39. Ra2 Rc6 40. Ne3 Kf7 41. Ra7+ Kf8 42. Ra8+ Kf7 43. Ra7+ Kf8 44. Ra8+ Kf7 45. Ra2 Bd4 46. Re2 Bxe3 47. Rxe3 Kf6 48. h4 g5 49. hxg5+ hxg5 50. Kf3 Kf5 51. g4+ Kg6 52. Kg3 Rf6 53. Ra3 Rf4 54. Ra6+ Kh7 55. f3 Rd4 56. Ra5 Kg6 57. Ra6+ Kh7 58. Rf6 Rd3 59. Kf2 Kg7 60. Rf5 Kg6 61. Ra5 Rd4 62. Ra6+ Kf7 63. Ra7+ Kf6 64. Ra6+ Kf7 65. Ra7+ Kf6 66. Ra3 Rf4 67. Kg3 Rd4 68. Ra6+ Kg7 69. Ra7+ Kf6 70. Ra6+ Kg7 71. Kf2 Rd3 72. Ke2 Rd4 73. Ke3 Rf4 74. Ra7+ Kf6 75. Ra6+ Kg7 76. Re6 Kf7 77. Re4 Rf6 78. f4 gxf4+ 79. Rxf4 Rxf4 80. Kxf4 Kg6 81. Kg3 Kg5 82. Kf3 1/2-1/2

[Event "COL-ch Blitz (Women)"]
[Site "Bucaramanga"]
[Date "2024.10.27"]
[Round "1"]
[White "Ruiz Jaraba, Valentina Sofia"]
[Black "Cupaban Alonso, Luciana"]
[Result "1-0"]
[WhiteElo "1845"]
[BlackElo "1506"]
[PlyCount "55"]
[EventDate "2024.10.27"]
[EventType "swiss (blitz)"]
[EventRounds "11"]
[EventCountry "COL"]
[SourceTitle "CB44_2024"]
[Source "Chessbase"]
[SourceDate "2024.10.30"]
[SourceVersion "1"]
[SourceVersionDate "2024.10.30"]
[SourceQuality "1"]

1. e4 e5 2. Nf3 Nc6 3. Bb5 Nf6 4. d3 d6 5. c3 Bd7 6. 0-0 Be7 7. Nbd2 0-0 8. Ba4 a6 9. Re1 b5 10. Bc2 Re8 11. Nf1 Bf8 12. Ng3 Ne7 13. d4 Bg4 14. h3 Bxf3 15. Qxf3 g6 16. Qxf6 Bg7 17. Qf3 exd4 18. cxd4 Bxd4 19. Bb3 Rf8 20. Bh6 Bg7 21. Bxg7 Kxg7 22. e5 dxe5 23. Rad1 Qc8 24. Rxe5 Ng8 25. Qc3 Nf6 26. Rg5 h6 27. Nh5+ Kh8 28. Qxf6+ 1-0

[Event "Bucaramanga Santander-chT"]
[Site "Bucaramanga"]
[Date "2024.08.19"]
[Round "5.2"]
[White "Cupaban Alonso, Luciana"]
[Black "Osorio Colmenares, Miguel Angel"]
[Result "1-0"]
[WhiteElo "1592"]
[BlackElo "1559"]
[PlyCount "92"]
[EventDate "2024.08.17"]
[EventType "team-swiss"]
[EventRounds "6"]
[EventCountry "COL"]
[SourceTitle "EXT 2025"]
[Source "ChessBase"]
[SourceDate "2024.10.14"]
[SourceVersion "1"]
[SourceVersionDate "2024.10.14"]
[SourceQuality "1"]
[WhiteTeam "Magimatasanos"]
[BlackTeam "Los Caidos"]
[WhiteTeamCountry "COL"]
[BlackTeamCountry "COL"]

1. e4 c6 2. d4 d5 3. exd5 cxd5 4. Bd3 Nc6 5. c3 Qc7 6. Nf3 e6 7. Be3 Bd6 8. 0-0 Nge7 9. h3 0-0 10. Re1 h6 11. Nbd2 Bd7 12. Rc1 e5 13. dxe5 Nxe5 14. Nxe5 Bxe5 15. Nf3 Bf6 16. Bd4 Bxd4 17. Nxd4 Rfe8 18. Qc2 Qf4 19. Rcd1 Rac8 20. Qd2 Qf6 21. Re3 Nc6 22. Rf3 Qd6 23. Nf5 Bxf5 24. Bxf5 Rc7 25. Qxd5 Qxd5 26. Rxd5 Kf8 27. Rd2 Ne5 28. Re3 g6 29. Bc2 Nc4 30. Rxe8+ Kxe8 31. Re2+ Kd7 32. Bb3 Kd6 33. Bxc4 Rxc4 34. Rd2+ Kc7 35. Kf1 Re4 36. Re2 Rxe2 37. Kxe2 Kd6 38. Kd3 Kc5 39. b3 b5 40. g3 f5 41. Ke3 b4 42. c4 g5 43. h4 f4+ 44. Ke4 gxh4 45. gxh4 a5 46. Kxf4 a4 1-0

[Event "Bucaramanga Santander-ch"]
[Site "Bucaramanga"]
[Date "2024.03.10"]
[Round "6"]
[White "Remolina Garcia, Mayra Xiomara"]
[Black "Cupaban Alonso, Luciana"]
[Result "1-0"]
[WhiteElo "1757"]
[BlackElo "1615"]
[PlyCount "65"]
[EventDate "2024.03.08"]
[EventType "swiss"]
[EventRounds "7"]
[EventCountry "COL"]
[SourceTitle "CBM 219 Extra"]
[Source "ChessBase"]
[SourceDate "2024.05.31"]
[SourceVersion "1"]
[SourceVersionDate "2024.05.31"]
[SourceQuality "1"]

1. d4 d5 2. Bf4 Nf6 3. e3 e6 4. Nf3 Bd6 5. Ne5 c5 6. c3 Nc6 7. Bd3 Bxe5 8. dxe5 Nd7 9. Bb5 a6 10. Bxc6 bxc6 11. Nd2 0-0 12. Nf3 h6 13. 0-0 f6 14. exf6 Rxf6 15. Bg3 Rf7 16. Qa4 Qb6 17. Rab1 c4 18. Nd4 c5 19. Nf3 Bb7 20. Ne5 Nxe5 21. Bxe5 Rf5 22. f4 Bc6 23. Qd1 Qd8 24. Rf3 Ra7 25. Rg3 Qf8 26. Qg4 Be8 27. Qh4 Rh5 28. Qd8 Rd7 29. Qb6 Qf5 30. Rc1 g5 31. Qxc5 Rh4 32. Qc8 Rg4 33. Qxe8+ 1-0

[Event "Bucaramanga op"]
[Site "Bucaramanga"]
[Date "2023.09.08"]
[Round "6"]
[White "Claro Molinares, Samuel David"]
[Black "Cupaban Alonso, Luciana"]
[Result "1-0"]
[WhiteElo "1711"]
[BlackElo "1221"]
[PlyCount "77"]
[EventDate "2023.09.06"]
[EventType "swiss"]
[EventRounds "9"]
[EventCountry "COL"]
[SourceTitle "CBM 216 Extra"]
[Source "ChessBase"]
[SourceDate "2023.11.30"]
[SourceVersion "1"]
[SourceVersionDate "2023.11.30"]
[SourceQuality "1"]

1. d4 d5 2. Bf4 Nf6 3. e3 e6 4. Nd2 Nbd7 5. Bd3 Be7 6. c3 b6 7. Ngf3 Bb7 8. Ne5 Bd6 9. Bg3 Ne4 10. Nxe4 dxe4 11. Bb5 Bxe5 12. dxe5 c6 13. Be2 0-0 14. b4 f5 15. exf6 Nxf6 16. Qb3 Qe7 17. 0-0 Kh8 18. a4 e5 19. a5 Nd7 20. a6 Bc8 21. Qc4 Nf6 22. Qxc6 Bd7 23. Qc7 Rfe8 24. Rfd1 Qe6 25. Bh4 Rec8 26. Qd6 Rd8 27. Bg3 Re8 28. Qxe6 Rxe6 29. Rd2 Rc8 30. c4 Re7 31. Rad1 Ba4 32. Rd8+ Re8 33. Rxe8+ Rxe8 34. Rd6 Re7 35. Bh4 Rf7 36. Rd8+ Ne8 37. b5 Rf8 38. Be7 h6 39. Bxf8 1-0

[Event "Bucaramanga op"]
[Site "Bucaramanga"]
[Date "2023.09.06"]
[Round "1"]
[White "Hernandez Guarin, Samuel Andres"]
[Black "Cupaban Alonso, Luciana"]
[Result "1-0"]
[WhiteElo "1558"]
[BlackElo "1221"]
[PlyCount "31"]
[EventDate "2023.09.06"]
[EventType "swiss"]
[EventRounds "9"]
[EventCountry "COL"]
[SourceTitle "CBM 216 Extra"]
[Source "ChessBase"]
[SourceDate "2023.11.30"]
[SourceVersion "1"]
[SourceVersionDate "2023.11.30"]
[SourceQuality "1"]

1. d4 d5 2. c4 c6 3. Nc3 Nf6 4. Nf3 e6 5. Bg5 Be7 6. e3 Nbd7 7. Qc2 h6 8. Bh4 b6 9. Rc1 Bb7 10. cxd5 exd5 11. Be2 Rc8 12. Qa4 a5 13. 0-0 0-0 14. a3 b5 15. Qc2 a4 16. b4 1-0

[Event "COL-ch U18 Girls"]
[Site "Bogota"]
[Date "2023.05.14"]
[Round "6"]
[White "Cupaban Alonso, Luciana"]
[Black "Ramos Rocha, Natalia"]
[Result "0-1"]
[WhiteElo "1167"]
[BlackElo "1133"]
[PlyCount "120"]
[EventDate "2023.05.11"]
[EventType "swiss"]
[EventRounds "7"]
[EventCountry "COL"]
[SourceTitle "CBM 214 Extra"]
[Source "ChessBase"]
[SourceDate "2023.07.31"]
[SourceVersion "1"]
[SourceVersionDate "2023.07.31"]
[SourceQuality "1"]

1. e4 e5 2. Nc3 Bc5 3. Bc4 Nf6 4. d3 h6 5. h3 d6 6. Na4 Nbd7 7. Nxc5 Nxc5 8. f4 exf4 9. Bxf4 d5 10. exd5 Nxd5 11. Qe2+ Be6 12. Bxd5 Qxd5 13. Bxc7 0-0 14. Nf3 Rfe8 15. 0-0 Bxh3 16. Qf2 Re7 17. Be5 f6 18. Bd4 Ne6 19. gxh3 Nf4 20. Qh4 g5 21. Qxh6 Ne2+ 22. Kh2 Nxd4 23. Nxd4 Qxd4 24. Qg6+ Kh8 25. Qxf6+ Qxf6 26. Rxf6 Re2+ 27. Kg1 Rxc2 28. Rf2 Rc6 29. Rf7 b6 30. Re1 Rh6 31. Ree7 Rxh3 32. Rxa7 Rxa7 33. Rxa7 Rxd3 34. b3 Rd2 35. Ra6 Kg7 36. Rxb6 Rxa2 37. b4 Rb2 38. b5 Kf7 39. Rc6 Rxb5 40. Kg2 Rb3 41. Rh6 Rc3 42. Rh3 Rc6 43. Rh7+ Kg6 44. Rh8 Kf5 45. Rg8 Rc3 46. Kf2 Kf4 47. Kg1 Rc2 48. Rg6 g4 49. Ra6 g3 50. Ra8 Rc5 51. Rf8+ Kg4 52. Rg8+ Kf3 53. Rf8+ Ke4 54. Re8+ Kf5 55. Rf8+ Kg4 56. Rg8+ Rg5 57. Rxg5+ Kxg5 58. Kf1 Kf4 59. Ke1 Ke3 60. Kf1 Kf3 0-1

[Event "COL-ch U12 Girls"]
[Site "Choconta"]
[Date "2023.03.20"]
[Round "6"]
[White "Barreto Pulido, Mariana"]
[Black "Cupaban Alonso, Luciana"]
[Result "1-0"]
[WhiteElo "1135"]
[BlackElo "1148"]
[PlyCount "147"]
[EventDate "2023.03.17"]
[EventType "swiss"]
[EventRounds "7"]
[EventCountry "COL"]
[SourceTitle "CBM 213 Extra"]
[Source "ChessBase"]
[SourceDate "2023.05.31"]
[SourceVersion "1"]
[SourceVersionDate "2023.05.31"]
[SourceQuality "1"]

1. e4 e5 2. Nf3 Nc6 3. Bc4 Bc5 4. c3 Nf6 5. d3 a5 6. Nbd2 d6 7. Nf1 h6 8. Ng3 Bg4 9. h3 Bh5 10. Nxh5 Nxh5 11. Nxe5 dxe5 12. Qxh5 Qf6 13. Qf3 Qxf3 14. gxf3 Rf8 15. Be3 b6 16. Bd5 Kd7 17. Bxc6+ Kxc6 18. Bxc5 bxc5 19. 0-0-0 Rfd8 20. Rhg1 g5 21. Rg4 Rd6 22. c4 Rf6 23. Rg3 Rd8 24. Kc2 Rf4 25. Re1 f5 26. exf5 Rxf5 27. Re3 a4 28. Kc3 Rb8 29. Rg4 Kd6 30. h4 Rf4 31. hxg5 Rxg4 32. fxg4 hxg5 33. Rh3 Rf8 34. Rh6+ Kd7 35. Rh5 Rg8 36. Rh7+ Kc6 37. Rh6+ Kb7 38. Re6 Rg7 39. Rxe5 Kb6 40. Rf5 c6 41. a3 Rg8 42. f4 gxf4 43. Rxf4 Kc7 44. d4 cxd4+ 45. Rxd4 c5 46. Re4 Rh8 47. Re3 Rg8 48. Rg3 Rg5 49. Kd3 Rg8 50. g5 Rb8 51. Kc2 Kd7 52. g6 Ke7 53. g7 Kf7 54. g8Q+ Rxg8 55. Rxg8 Kxg8 56. b3 Kf7 57. bxa4 Ke7 58. a5 Kd7 59. a4 Kc7 60. Kd3 Kc6 61. Ke4 Kb7 62. Kd5 Ka6 63. Kxc5 Kxa5 64. Kd6 Ka6 65. c5 Kb7 66. c6+ Kc8 67. c7 Kb7 68. Kd7 Ka8 69. c8Q+ Ka7 70. Kd6 Kb6 71. Qc5+ Kb7 72. a5 Ka8 73. Qc6+ Ka7 74. a6 1-0

[Event "COL-ch U12 Girls"]
[Site "Choconta"]
[Date "2023.03.17"]
[Round "1"]
[White "Cupaban Alonso, Luciana"]
[Black "Rozo Cruz, Tania Sofia"]
[Result "1-0"]
[WhiteElo "1148"]
[BlackElo "1139"]
[PlyCount "107"]
[EventDate "2023.03.17"]
[EventType "swiss"]
[EventRounds "7"]
[EventCountry "COL"]
[SourceTitle "CBM 213 Extra"]
[Source "ChessBase"]
[SourceDate "2023.05.31"]
[SourceVersion "1"]
[SourceVersionDate "2023.05.31"]
[SourceQuality "1"]

1. e4 e5 2. Nc3 Nc6 3. Bc4 Bc5 4. Qg4 Nf6 5. Qxg7 Rf8 6. d3 Be7 7. Nd5 Nd4 8. Bb3 Nxb3 9. axb3 c6 10. Nxe7 Qxe7 11. Bg5 Qb4+ 12. c3 Qd6 13. Bxf6 Qxd3 14. Qxh7 Qc2 15. Nf3 Qxb2 16. 0-0 Qxc3 17. Bxe5 Qxb3 18. Bg7 Qb4 19. Bxf8 Qxf8 20. Qh5 d6 21. Ng5 Bd7 22. Rfd1 Qe7 23. Qh8+ Qf8 24. Qxf8+ Kxf8 25. Nh7+ Ke7 26. Rd2 Rg8 27. Rxa7 Rg7 28. Rxb7 Rxh7 29. e5 Rh6 30. exd6+ Rxd6 31. Rxd6 Kxd6 32. Rb1 Kc7 33. h4 Bf5 34. Rc1 Kb6 35. Kf1 c5 36. Ke1 Kb5 37. Kd2 Be4 38. f3 Bd5 39. h5 c4 40. Kc3 f5 41. h6 Bg8 42. g4 fxg4 43. fxg4 Kc5 44. g5 Kd6 45. g6 Ke7 46. h7 Bd5 47. h8Q Ke6 48. Re1+ Kd6 49. Qd8+ Kc5 50. Re5 Kc6 51. Qxd5+ Kc7 52. Re7+ Kc8 53. Qd7+ Kb8 54. Qd8# 1-0